| 000 | 00498nam a22001937a 4500 | ||
|---|---|---|---|
| 003 | OSt | ||
| 005 | 20140310181701.0 | ||
| 008 | 121119t xxu||||| |||| 00| 0 eng d | ||
| 020 | _a0416174027 | ||
| 050 |
_aPZ 7 _b.B661 1991 |
||
| 082 |
_aKF _bB62c 1970 |
||
| 100 |
_aBlyton,Enid _94844 |
||
| 245 |
_aClaudine at St. Clare's _cby Enid Blyton |
||
| 260 |
_aLondon _bMethuen Children's Book _c1970 |
||
| 300 |
_g _a150 p., _b18 cm . |
||
| 541 | _j1 | ||
| 562 | _e1 | ||
| 942 |
_2lcc _cBK-KF _kKF |
||
| 999 |
_c1232 _d1232 |
||